| 000 | 00828nam a2200229 a 4500 | ||
|---|---|---|---|
| 008 | 120416s1996 ||||||||||||||||| || u | ||
| 020 | _a1856494624 | ||
| 050 | _aHE 282.A31 Bag | ||
| 100 | _aTeferra, M | ||
| 245 | 1 | 0 | _aTransport energy in Africa |
| 260 |
_aLondon _bZed Books _c1996 |
||
| 300 | _ax, 134p. : ill. | ||
| 350 | _a0.00 | ||
| 500 | _aIncludes bibliographical references and index. | ||
| 650 | _aTransportation--Energy consumption--Africa | ||
| 650 | _aTransportation--Energy conservation--Africa | ||
| 650 | _aTRANSPORTATION | ||
| 700 | _aBaguant, J | ||
| 700 | _aBhagavan, M. R., 1934- | ||
| 710 | _aAfrican Energy Policy Research Network | ||
| 995 |
_D0.00 _FCBU-MAIN LIBRARY (Kitwe) _H1 _I0.00 _M1 _UAVAILABLE _ZMain Library Open Access Collection |
||
| 999 |
_c60363 _d60363 |
||